[Event "Svetla nad Sazavou Mares Memorial"]
[Site "Svetla nad Sazavou"]
[Date "2023.12.29"]
[Round "2"]
[White "Vasut, Karel"]
[Black "Zavurkova, Monika"]
[Result "0-1"]
[WhiteElo "2101"]
[BlackElo "1746"]
[PlyCount "88"]
[EventDate "2023.12.29"]
[EventType "swiss"]
[EventRounds "9"]
[EventCountry "CZE"]
[SourceTitle "CB02_2024"]
[SourceDate "2024.01.10"]
[SourceVersion "1"]
[SourceVersionDate "2024.01.10"]
[SourceQuality "1"]

1. b4 Nf6 2. Bb2 e6 3. a3 d5 4. Nf3 c5 5. bxc5 Bxc5 6. e3 0-0 7. Be2 Nc6 8. d4 Bd6 9. Nbd2 Bd7 10. c4 dxc4 11. Nxc4 Be7 12. 0-0 Rc8 13. Nce5 Nxe5 14. Nxe5 Nd5 15. Nxd7 Qxd7 16. Bf3 b6 17. g3 Rc7 18. a4 Rfc8 19. Ba3 Bxa3 20. Rxa3 h6 21. Qd3 Rc4 22. Rfa1 a5 23. Bxd5 Qxd5 24. Qf1 Rb4 25. Rc1 Rxc1 26. Qxc1 Qd7 27. Rc3 Qxa4 28. Rc8+ Kh7 29. Qc7 f6 30. Rb8 Qd1+ 31. Kg2 Rb1 32. Rb7 Qg4 33. Qc6 Qf5 34. e4 Qg4 35. Qc2 Rb2 36. Rxg7+ Kxg7 37. Qxb2 Qxe4+ 38. f3 Qc6 39. h4 b5 40. h5 Qd5 41. g4 f5 42. Kg3 fxg4 43. fxg4 a4 44. Qc3 Qb3 0-1

[Event "CZE-chT2D 1920"]
[Site "Czech Republic"]
[Date "2019.12.01"]
[Round "4.2"]
[White "Smutny, Jan"]
[Black "Vasut, Karel"]
[Result "1/2-1/2"]
[WhiteElo "2217"]
[BlackElo "2143"]
[PlyCount "45"]
[EventDate "2019.10.13"]
[EventType "team-tourn"]
[EventRounds "11"]
[EventCountry "CZE"]
[SourceTitle "EXT 2024"]
[Source "ChessBase"]
[SourceDate "2023.10.10"]
[SourceVersion "1"]
[SourceVersionDate "2023.10.10"]
[SourceQuality "1"]
[WhiteTeam "Pardubice Rapid"]
[BlackTeam "Zdar nad Sazavou"]
[WhiteTeamCountry "CZE"]
[BlackTeamCountry "CZE"]

1. e4 Nc6 2. Nf3 Nf6 3. e5 Nd5 4. d4 d6 5. c4 Nb6 6. Be2 Bg4 7. exd6 exd6 8. d5 Bxf3 9. Bxf3 Ne5 10. Be2 Be7 11. f4 Ned7 12. 0-0 0-0 13. Nc3 Re8 14. Rf3 Bf6 15. g4 Bxc3 16. Rxc3 Qh4 17. Be3 Re7 18. Bf2 Qf6 19. Bg3 Nc5 20. g5 Qg6 21. Bh5 Qe4 22. Bf3 Qg6 23. Bh5 1/2-1/2

[Event "CZE-chT2D 1920"]
[Site "Czech Republic"]
[Date "2019.11.03"]
[Round "2.2"]
[White "Smajzr, Martin"]
[Black "Vasut, Karel"]
[Result "1-0"]
[WhiteElo "2150"]
[BlackElo "2143"]
[PlyCount "71"]
[EventDate "2019.10.13"]
[EventType "team-tourn"]
[EventRounds "11"]
[EventCountry "CZE"]
[SourceTitle "EXT 2024"]
[Source "ChessBase"]
[SourceDate "2023.10.10"]
[SourceVersion "1"]
[SourceVersionDate "2023.10.10"]
[SourceQuality "1"]
[WhiteTeam "Vysoke Myto"]
[BlackTeam "Zdar nad Sazavou"]
[WhiteTeamCountry "CZE"]
[BlackTeamCountry "CZE"]

1. e4 Nc6 2. d4 d5 3. e5 Bf5 4. c3 f6 5. f4 e6 6. Nf3 Qd7 7. Bb5 Be7 8. Be3 Bxb1 9. Rxb1 f5 10. 0-0 Nh6 11. Kh1 Nf7 12. Qa4 h6 13. c4 Nfd8 14. cxd5 Qxd5 15. a3 a6 16. Bc4 Qe4 17. Rbe1 b5 18. Bxb5 Qd5 19. Bc4 Qd7 20. Qc2 Na5 21. Ba2 c6 22. Rc1 Rb8 23. b4 Nab7 24. Qa4 Rg8 25. Qxa6 g5 26. Rfd1 gxf4 27. Bf2 Bf8 28. Rg1 Rc8 29. Qc4 Ra8 30. Qb3 Rg6 31. Bb1 Qd5 32. Qxd5 cxd5 33. Rc3 Rg7 34. Rgc1 Rd7 35. Bd3 Kf7 36. Bb5 1-0

[Event "CZE-chT2D 1718"]
[Site "Czech Republic"]
[Date "2017.12.03"]
[Round "4.5"]
[White "Vasut, Karel"]
[Black "Ludvik, Tomas"]
[Result "1-0"]
[WhiteElo "2105"]
[BlackElo "2092"]
[PlyCount "83"]
[EventDate "2017.10.15"]
[EventType "team-tourn"]
[EventRounds "11"]
[EventCountry "CZE"]
[SourceTitle "EXT 2022"]
[Source "ChessBase"]
[SourceDate "2021.10.06"]
[SourceVersion "1"]
[SourceVersionDate "2021.10.06"]
[SourceQuality "1"]
[WhiteTeam "Zdar nad Sazavou"]
[BlackTeam "Polabiny III"]
[WhiteTeamCountry "CZE"]
[BlackTeamCountry "CZE"]

1. b4 a5 2. b5 c5 3. c4 b6 4. d4 cxd4 5. Qxd4 d6 6. Nf3 Bb7 7. g3 Nf6 8. Bg2 Nbd7 9. 0-0 Qc7 10. Bg5 e6 11. Bxf6 Nxf6 12. Nc3 Be7 13. Rac1 0-0 14. Na4 Nd7 15. Rfd1 Rfd8 16. Qe3 Nc5 17. Nxc5 bxc5 18. a4 Bf6 19. Ng5 Bd4 20. Qd3 h6 21. Qh7+ Kf8 22. Bxb7 Qxb7 23. e3 Be5 24. f4 hxg5 25. fxe5 Qf3 26. Qd3 dxe5 27. Qxd8+ Rxd8 28. Rxd8+ Ke7 29. Rd3 Qb7 30. Rcd1 Qc7 31. Rb3 Qb6 32. e4 g4 33. Kf2 g5 34. Ke3 Qb7 35. Rf1 Qb6 36. Rd3 Qb7 37. Rd2 Qc7 38. Rdf2 f5 39. exf5 Qd7 40. Rd2 Qb7 41. fxe6 Kxe6 42. Rdf2 1-0

[Event "CZE-chT2D 1718"]
[Site "Czech Republic"]
[Date "2017.11.19"]
[Round "3.5"]
[White "Tesar, Jan"]
[Black "Vasut, Karel"]
[Result "0-1"]
[WhiteElo "2118"]
[BlackElo "2105"]
[PlyCount "80"]
[EventDate "2017.10.15"]
[EventType "team-tourn"]
[EventRounds "11"]
[EventCountry "CZE"]
[SourceTitle "EXT 2022"]
[Source "ChessBase"]
[SourceDate "2021.10.06"]
[SourceVersion "1"]
[SourceVersionDate "2021.10.06"]
[SourceQuality "1"]
[WhiteTeam "Dalesice Pivovar"]
[BlackTeam "Zdar nad Sazavou"]
[WhiteTeamCountry "CZE"]
[BlackTeamCountry "CZE"]

1. d4 b5 2. e4 Bb7 3. Bd3 e6 4. Nf3 c5 5. c3 cxd4 6. cxd4 Nf6 7. Qe2 a6 8. Bg5 h6 9. Bxf6 Bb4+ 10. Nbd2 Qxf6 11. 0-0 Bxd2 12. Qxd2 g5 13. a4 Qf4 14. axb5 axb5 15. Rxa8 Bxa8 16. Ra1 Qxd2 17. Nxd2 Bc6 18. Ra5 Ke7 19. Bxb5 Bxb5 20. Rxb5 Nc6 21. d5 Nd4 22. Rb6 Rc8 23. h3 Rc1+ 24. Kh2 Rc2 25. d6+ Kf6 26. Nf1 Rxf2 27. Ne3 h5 28. Nc4 h4 29. Kg1 Rf4 30. e5+ Kg6 31. Ne3 Ne2+ 32. Kh2 Ng3 33. Ra6 Re4 34. Ng4 Re1 35. Nf2 Rf1 36. b4 Rxf2 37. Ra1 Rb2 38. b5 Rxb5 39. Ra8 Rxe5 40. Rd8 Rd5 0-1

[Event "CZE-chT2D 1617"]
[Site "Czech Republic"]
[Date "2017.02.26"]
[Round "9.3"]
[White "Vasut, Karel"]
[Black "Bujnoch, Radek"]
[Result "1/2-1/2"]
[WhiteElo "2113"]
[BlackElo "2271"]
[PlyCount "47"]
[EventDate "2016.10.09"]
[EventType "team-tourn"]
[EventRounds "11"]
[EventCountry "CZE"]
[SourceTitle "EXT 2022"]
[Source "ChessBase"]
[SourceDate "2021.10.06"]
[SourceVersion "1"]
[SourceVersionDate "2021.10.06"]
[SourceQuality "1"]
[WhiteTeam "Zdar nad Sazavou"]
[BlackTeam "Polabiny II"]
[WhiteTeamCountry "CZE"]
[BlackTeamCountry "CZE"]

1. b4 e5 2. Bb2 Bxb4 3. Bxe5 Nf6 4. c4 0-0 5. Nf3 d5 6. e3 c5 7. cxd5 Nxd5 8. Be2 Nc6 9. Bb2 Bf5 10. 0-0 Re8 11. d4 Qe7 12. a3 Ba5 13. Bb5 Be4 14. Nbd2 Nc3 15. Bxc3 Bxc3 16. Nxe4 Qxe4 17. Bxc6 bxc6 18. Rc1 cxd4 19. Nxd4 Bxd4 20. Qxd4 Qxd4 21. exd4 Rad8 22. Rxc6 Rxd4 23. Ra6 Re7 24. Rb1 1/2-1/2

[Event "CZE-chT2D 1415"]
[Site "Czech Republic"]
[Date "2015.01.25"]
[Round "6.2"]
[White "Stodola, Marek"]
[Black "Vasut, Karel"]
[Result "0-1"]
[WhiteElo "1934"]
[BlackElo "2155"]
[PlyCount "116"]
[EventDate "2014.11.02"]
[EventType "team-tourn"]
[EventRounds "11"]
[EventCountry "CZE"]
[SourceTitle "EXT 2022"]
[Source "ChessBase"]
[SourceDate "2021.10.06"]
[SourceVersion "1"]
[SourceVersionDate "2021.10.06"]
[SourceQuality "1"]
[WhiteTeam "Policka Stefanydes II"]
[BlackTeam "Zdar nad Sazavou"]
[WhiteTeamCountry "CZE"]
[BlackTeamCountry "CZE"]

1. d4 e5 2. d5 Bc5 3. c4 d6 4. Nc3 f5 5. Nf3 Nf6 6. e3 a6 7. Be2 0-0 8. 0-0 Qe8 9. a3 Ne4 10. Qc2 Nxc3 11. Qxc3 Nd7 12. b4 Ba7 13. Qc2 Nf6 14. Rd1 Bd7 15. Nd2 Qg6 16. Nb3 Ba4 17. c5 dxc5 18. bxc5 Bxc5 19. Qxc5 Bxb3 20. Rd3 Ne4 21. Qxc7 Rac8 22. Qxe5 Bc4 23. f3 Bxd3 24. Bxd3 Nc5 25. Bc4 Qf6 26. Qxf6 Rxf6 27. Bb2 Rd6 28. Be5 Rdd8 29. d6+ Kf8 30. f4 g6 31. Rd1 b5 32. Bd5 Ke8 33. h3 Kd7 34. g4 Re8 35. Kh1 Ne4 36. Rg1 Nf2+ 37. Kh2 fxg4 38. hxg4 Nd3 39. Bd4 Kxd6 40. Bb7 Rc2+ 41. Kg3 Nc5 42. Be5+ Rxe5 43. fxe5+ Kxe5 44. Bf3 Rc3 45. Rd1 Ne4+ 46. Bxe4 Kxe4 47. Rd7 Rxe3+ 48. Kh4 h6 49. Rd6 g5+ 50. Kh5 Rh3+ 51. Kg6 Rxa3 52. Kxh6 b4 53. Kxg5 b3 54. Kf6 Ra5 55. Rd1 b2 56. Rb1 Rb5 57. g5 Kd3 58. g6 Kc2 0-1

[Event "CZE-chT2D 0809"]
[Site "Czech Republic"]
[Date "2009.03.22"]
[Round "10.2"]
[White "Vasut, Karel"]
[Black "Cerveny, Martin"]
[Result "1/2-1/2"]
[WhiteElo "2153"]
[BlackElo "2320"]
[PlyCount "22"]
[EventDate "2008.10.12"]
[EventType "team-tourn"]
[EventRounds "11"]
[EventCountry "CZE"]
[SourceTitle "EXT 2010"]
[Source "ChessBase"]
[SourceDate "2010.11.25"]
[SourceVersion "1"]
[SourceVersionDate "2010.11.25"]
[SourceQuality "1"]

1. b4 e5 2. Bb2 Bxb4 3. Bxe5 Nf6 4. c4 0-0 5. Nf3 d5 6. e3 c5 7. cxd5 Nxd5 8. Be2 Nc6 9. Bb2 Bf5 10. 0-0 Re8 11. a3 Ba5 1/2-1/2

[Event "CZE-chT2D 0809"]
[Site "Czech Republic"]
[Date "2009.01.25"]
[Round "7.2"]
[White "Hajek, Jiri"]
[Black "Vasut, Karel"]
[Result "1-0"]
[WhiteElo "2190"]
[BlackElo "2153"]
[PlyCount "53"]
[EventDate "2008.10.12"]
[EventType "team-tourn"]
[EventRounds "11"]
[EventCountry "CZE"]
[SourceTitle "EXT 2010"]
[Source "ChessBase"]
[SourceDate "2010.11.25"]
[SourceVersion "1"]
[SourceVersionDate "2010.11.25"]
[SourceQuality "1"]

1. d4 e6 2. c4 f5 3. g3 Nf6 4. Bg2 Be7 5. Nc3 d5 6. Nf3 c6 7. 0-0 0-0 8. Qc2 a6 9. Bf4 Ne4 10. Bxb8 Rxb8 11. Ne5 Bf6 12. Nxe4 fxe4 13. e3 Qd6 14. f4 c5 15. cxd5 cxd4 16. Bxe4 exd5 17. Bxh7+ Kh8 18. exd4 Bh3 19. Ng6+ Kxh7 20. Nxf8+ Kg8 21. Qh7+ Kxf8 22. Qxh3 Bxd4+ 23. Kg2 Kg8 24. Rac1 Bxb2 25. Rc8+ Rxc8 26. Qxc8+ Kh7 27. Qc2+ 1-0

[Event "CZE-chT2D 0809"]
[Site "Czech Republic"]
[Date "2008.10.12"]
[Round "1.2"]
[White "Vasut, Karel"]
[Black "Jedlicka, Ales"]
[Result "0-1"]
[WhiteElo "2153"]
[BlackElo "2287"]
[PlyCount "100"]
[EventDate "2008.10.12"]
[EventType "team-tourn"]
[EventRounds "11"]
[EventCountry "CZE"]
[SourceTitle "EXT 2010"]
[Source "ChessBase"]
[SourceDate "2010.11.25"]
[SourceVersion "1"]
[SourceVersionDate "2010.11.25"]
[SourceQuality "1"]

1. b4 e5 2. Bb2 Bxb4 3. Bxe5 Nf6 4. c4 0-0 5. Nf3 d5 6. e3 Re8 7. Bb2 c5 8. cxd5 Nxd5 9. Be2 Nc6 10. 0-0 Bf5 11. a3 Ba5 12. Qb3 Qb6 13. Qxd5 Be6 14. Qh5 Qxb2 15. Ng5 h6 16. Nxe6 Rxe6 17. Nc3 Bxc3 18. Bc4 g6 19. Qh3 Rd6 20. Ra2 Qb6 21. dxc3 Ne5 22. Qh4 Rad8 23. Qe4 Nxc4 24. Qxc4 Rd1 25. Ra1 Rxa1 26. Rxa1 Qb2 27. Rf1 Qxa3 28. e4 b5 29. Qxb5 Qxc3 30. h4 h5 31. Qa4 a5 32. e5 Qxe5 33. Qxa5 Rd4 34. g3 Qd5 35. Rc1 Rd1+ 36. Rxd1 Qxd1+ 37. Kh2 Qd4 38. f4 c4 39. Qc7 c3 40. f5 Qd2+ 41. Kh3 gxf5 42. Qb8+ Kh7 43. Qc7 Qd5 44. Kh2 Qa2+ 45. Kh3 c2 46. Qc5 Qb2 47. Qxf5+ Kg8 48. Qg5+ Qg7 49. Qd8+ Kh7 50. Qc7 Qg4+ 0-1

[Event "Zdar nad Sazavou Vysocina op-A 4th"]
[Site "Zdar nad Sazavou"]
[Date "2007.09.24"]
[Round "3"]
[White "Vasut, Karel"]
[Black "Valickova, Martina"]
[Result "0-1"]
[WhiteElo "2193"]
[BlackElo "2032"]
[PlyCount "84"]
[EventDate "2007.09.22"]
[EventType "swiss"]
[EventRounds "9"]
[EventCountry "CZE"]
[SourceTitle "CBM 120 Extra"]
[Source "ChessBase"]
[SourceDate "2007.11.01"]
[SourceVersion "1"]
[SourceVersionDate "2007.11.01"]
[SourceQuality "1"]

1. b4 e5 2. Bb2 Bxb4 3. Bxe5 Nf6 4. Nf3 0-0 5. c4 Nc6 6. Bb2 d5 7. e3 Re8 8. cxd5 Nxd5 9. Be2 Qd6 10. a3 Ba5 11. 0-0 Bg4 12. Qa4 Bh5 13. Nd4 Bxe2 14. Nxe2 Nf6 15. Ng3 Qe6 16. Qh4 Ne5 17. f4 Ned7 18. Qg5 Qb6 19. Nf5 g6 20. Bd4 c5 21. Be5 Qe6 22. Nd6 Re7 23. Nxb7 Ne4 24. Qh6 Nxe5 25. Nxa5 Ng4 26. Qh4 f5 27. a4 Rd7 28. h3 Ngf6 29. Qe1 Rad8 30. Qc1 Nxd2 31. Nxd2 Rxd2 32. Qxc5 Rc8 33. Qxa7 Rcc2 34. Qa8+ Kg7 35. Qb7+ Kh6 36. Qf3 Qxe3+ 37. Kh1 Rxg2 38. Qxg2 Rxg2 39. Kxg2 Qd2+ 40. Rf2 Qxa5 41. Raa2 Ne4 42. Rf3 Qd5 0-1

[Event "CZE-chT2d 0607"]
[Site "Czech Republic"]
[Date "2006.12.15"]
[Round "5"]
[White "Vasut, Karel"]
[Black "Piza, Vlastimil"]
[Result "0-1"]
[WhiteElo "2165"]
[BlackElo "2256"]
[PlyCount "86"]
[EventDate "2006.10.15"]
[EventType "team"]
[EventRounds "11"]
[EventCountry "CZE"]
[SourceTitle "EXT 2009"]
[Source "ChessBase"]
[SourceDate "2008.11.26"]
[SourceVersion "1"]
[SourceVersionDate "2008.11.26"]
[SourceQuality "1"]

1. b4 e5 2. Bb2 d6 3. e3 Nf6 4. c4 g6 5. Nc3 Bg7 6. Be2 0-0 7. Qb3 Nbd7 8. Nf3 a5 9. a3 axb4 10. axb4 Rxa1+ 11. Bxa1 e4 12. Nd4 Ne5 13. f4 exf3 14. Nxf3 Be6 15. 0-0 c6 16. Nxe5 dxe5 17. Qb2 Nd7 18. Ne4 f5 19. Nc5 Nxc5 20. bxc5 Rf7 21. d3 Rd7 22. Re1 e4 23. d4 f4 24. Qb1 Qh4 25. Rf1 fxe3 26. g3 Qd8 27. Qxe4 Bh3 28. Rf3 Re7 29. Qh4 Qd7 30. Rf4 Bf5 31. g4 Bc2 32. Bc3 Re4 33. g5 Bxd4 34. Rxe4 Bxe4 35. Qxe4 Bxc3 36. Bg4 Qd8 37. h4 Bd4 38. Kf1 Qf8+ 39. Bf3 Bxc5 40. Ke2 Qd6 41. Qe8+ Kg7 42. Bg4 Qd2+ 43. Kf3 Qd1+ 0-1

[Event "Havlickuv Brod Vysocina op-B"]
[Site "Havlickuv Brod"]
[Date "2006.09.27"]
[Round "5"]
[White "Vasut, Karel"]
[Black "Kaplan, Daniel"]
[Result "1-0"]
[WhiteElo "2165"]
[BlackElo "2073"]
[PlyCount "63"]
[EventDate "2006.09.23"]
[EventType "swiss"]
[EventRounds "9"]
[EventCountry "CZE"]
[SourceTitle "EXT 2008"]
[Source "ChessBase"]
[SourceDate "2007.11.25"]
[SourceVersion "1"]
[SourceVersionDate "2007.11.25"]
[SourceQuality "1"]

1. b4 e6 2. Bb2 Nf6 3. a3 a5 4. b5 c5 5. e3 d5 6. Nf3 b6 7. c4 Bb7 8. Qc2 Be7 9. Be2 Nbd7 10. 0-0 0-0 11. Rd1 Rc8 12. cxd5 Nxd5 13. Nc3 Nxc3 14. dxc3 Qc7 15. c4 Bf6 16. Rd2 Rcd8 17. Rad1 Bxb2 18. Qxb2 Nf6 19. Qe5 Qxe5 20. Nxe5 Rxd2 21. Rxd2 Rb8 22. Bf3 Ne4 23. Bxe4 Bxe4 24. Nd7 Re8 25. Nxb6 h6 26. Nd7 Rc8 27. f3 Bb7 28. Nb6 Rb8 29. Na4 Rc8 30. Rd7 Ba8 31. Ra7 e5 32. Nb6 1-0

[Event "CZE-chT2d 0405"]
[Site "Czech Republic"]
[Date "2005.??.??"]
[Round "11"]
[White "Handl, Martin"]
[Black "Vasut, Karel"]
[Result "1/2-1/2"]
[WhiteElo "2020"]
[BlackElo "2135"]
[PlyCount "86"]
[EventDate "2004.10.??"]
[EventType "team"]
[EventRounds "11"]
[EventCountry "CZE"]
[SourceTitle "EXT 2007"]
[Source "ChessBase"]
[SourceDate "2006.11.23"]
[SourceVersion "1"]
[SourceVersionDate "2006.11.23"]
[SourceQuality "1"]

1. e4 Nc6 2. Nf3 d5 3. exd5 Qxd5 4. Nc3 Qa5 5. Bb5 Bd7 6. 0-0 f6 7. Re1 0-0-0 8. d3 e5 9. Bd2 Qb6 10. Be3 Bc5 11. Bxc5 Qxc5 12. Qe2 Bg4 13. Bxc6 bxc6 14. Qe4 Nh6 15. Qe3 Qa5 16. Nd2 Be6 17. Nb3 Qb6 18. Na4 Qxe3 19. fxe3 Bxb3 20. axb3 Kd7 21. Nc5+ Ke7 22. Rxa7 Ra8 23. Ra3 Kd6 24. b4 Rab8 25. c3 Rhe8 26. Ne4+ Kd7 27. h3 Nf7 28. Rf1 Rb5 29. Ra7 Reb8 30. g4 h6 31. Rfa1 Nd8 32. Nc5+ Rxc5 33. bxc5 Rxb2 34. R7a2 Rb3 35. Ra3 Rb5 36. d4 Ne6 37. h4 Rb8 38. Kg2 Rb2+ 39. Kf3 Rh2 40. Kg3 Rd2 41. Kf3 Ke7 42. R1a2 Rd1 43. Ra1 Rd2 1/2-1/2

[Event "CZE-chT2d 0304"]
[Site "Czech Republic"]
[Date "2003.??.??"]
[Round "?"]
[White "Bakos, Eduard"]
[Black "Vasut, Karel"]
[Result "1/2-1/2"]
[WhiteElo "2094"]
[BlackElo "2169"]
[PlyCount "26"]
[EventDate "2003.??.??"]
[EventType "team"]
[EventRounds "11"]
[EventCountry "CZE"]
[SourceTitle "EXT 2007"]
[Source "ChessBase"]
[SourceDate "2006.11.23"]
[SourceVersion "1"]
[SourceVersionDate "2006.11.23"]
[SourceQuality "1"]

1. d4 e6 2. g3 f5 3. Bg2 Nf6 4. Nf3 Be7 5. 0-0 0-0 6. c4 c6 7. Nc3 d5 8. cxd5 cxd5 9. Ne5 Nc6 10. f4 Qb6 11. e3 Bd7 12. h3 Nxe5 13. fxe5 Ne4 1/2-1/2

[Event "CZE-chT2d 0304"]
[Site "Czech Republic"]
[Date "2003.??.??"]
[Round "?"]
[White "Vasut, Karel"]
[Black "Zigo, Viktor"]
[Result "0-1"]
[WhiteElo "2155"]
[BlackElo "2280"]
[PlyCount "70"]
[EventDate "2003.??.??"]
[EventType "team"]
[EventRounds "11"]
[EventCountry "CZE"]
[SourceTitle "EXT 2007"]
[Source "ChessBase"]
[SourceDate "2006.11.23"]
[SourceVersion "1"]
[SourceVersionDate "2006.11.23"]
[SourceQuality "1"]

1. b4 d5 2. Bb2 Qd6 3. b5 e5 4. Ba3 c5 5. bxc6 Qxc6 6. Bxf8 Kxf8 7. e3 Bf5 8. Nf3 Nd7 9. Nc3 a6 10. Qb1 Ne7 11. Qb2 Rc8 12. Be2 f6 13. 0-0 g5 14. Rfc1 Ng6 15. Rab1 Rc7 16. Qb4+ Kg7 17. Qa5 Be6 18. Rb4 Rhc8 19. Na4 b5 20. Nc3 Nc5 21. Qa3 Nb7 22. Qb2 Nd6 23. a4 g4 24. Ne1 Nc4 25. Bxc4 bxc4 26. Rb6 Qd7 27. Rb1 d4 28. exd4 exd4 29. Ne4 c3 30. dxc3 dxc3 31. Qb4 Ne5 32. Nxf6 Qf7 33. Ne4 Rc4 34. Qd6 Rxe4 35. f3 Nc4 0-1

[Event "MOR-chT2S 0203"]
[Site "Moravia"]
[Date "2002.11.17"]
[Round "3"]
[White "Sekanina, Jiri"]
[Black "Vasut, Karel"]
[Result "1-0"]
[WhiteElo "2139"]
[BlackElo "2169"]
[PlyCount "81"]
[EventDate "2002.10.??"]
[EventType "team"]
[EventRounds "11"]
[EventCountry "CZE"]
[SourceTitle "EXT 2006"]
[Source "ChessBase"]
[SourceDate "2005.11.24"]
[SourceVersion "1"]
[SourceVersionDate "2005.11.24"]
[SourceQuality "1"]

1. e4 Nf6 2. e5 Nd5 3. d4 d6 4. c4 Nb6 5. exd6 exd6 6. Nc3 Be7 7. h3 Nc6 8. Nf3 Bf5 9. Bf4 0-0 10. Be2 Bf6 11. 0-0 Re8 12. b3 Be4 13. Nxe4 Rxe4 14. Be3 Qe8 15. Bd3 Re7 16. Qd2 a5 17. Rae1 Nd7 18. Bb1 Nf8 19. d5 Ne5 20. Nd4 Qd8 21. Nf5 Re8 22. Ng3 a4 23. Ne4 Bh4 24. Qd1 Neg6 25. b4 f5 26. Nc3 f4 27. Bd4 Rxe1 28. Rxe1 Qg5 29. Ne4 Qd8 30. Bc3 Nd7 31. c5 Nde5 32. g3 fxg3 33. fxg3 Be7 34. Kg2 Nd7 35. Qd4 Bf6 36. Nxf6+ Nxf6 37. Bf5 Nf8 38. c6 bxc6 39. dxc6 a3 40. Qc4+ Kh8 41. Qf7 1-0

[Event "MOR-chT2S 0203"]
[Site "Moravia"]
[Date "2002.11.03"]
[Round "2"]
[White "Vasut, Karel"]
[Black "Belohlavek, Petr"]
[Result "0-1"]
[WhiteElo "2169"]
[BlackElo "2262"]
[PlyCount "92"]
[EventDate "2002.10.??"]
[EventType "team"]
[EventRounds "11"]
[EventCountry "CZE"]
[SourceTitle "EXT 2006"]
[Source "ChessBase"]
[SourceDate "2005.11.24"]
[SourceVersion "1"]
[SourceVersionDate "2005.11.24"]
[SourceQuality "1"]

1. b4 e5 2. Bb2 Bxb4 3. Bxe5 Nf6 4. c4 Nc6 5. Bb2 0-0 6. Nf3 d5 7. a3 Ba5 8. e3 Bg4 9. Be2 dxc4 10. h3 Bh5 11. g4 Bg6 12. Bxc4 Ne4 13. h4 Nc5 14. Be2 Qd7 15. Kf1 Bd3 16. Rg1 Rad8 17. Bc3 Bb6 18. Nd4 Nxd4 19. Bxd4 Bxe2+ 20. Kxe2 Qb5+ 21. d3 Nb3 22. Bxb6 Nxa1 23. Bxc7 Rd7 24. a4 Qb2+ 25. Nd2 Rxc7 26. Qxa1 Rc2 27. Qxb2 Rxb2 28. Rc1 Rd8 29. d4 f6 30. Rc7 Rd6 31. Kd3 Rc6 32. Rd7 Rc1 33. Ne4 Rh1 34. Nd6 h5 35. Nf5 hxg4 36. Rxg7+ Kf8 37. Rxg4 Rxf2 38. Ke4 Ra2 39. Kd5 Rxa4 40. Ke6 Ra6+ 41. Nd6 Rb1 42. e4 Rb4 43. Kd5 Ra5+ 44. Ke6 Rxd4 45. Rg6 Re5+ 46. Kd7 Re7+ 0-1